ÖLÜ CANLAR (ANTİK OKUL KLASİKLERİ) (Record no. 698692)

MARC details
000 -LEADER
sabit uzunluktaki kontrol alanı 00265nam a2200097Ia 4500
001 - KONTROL NUMARASI
kontrol alanı 698692
005 - EN SON İŞLEMİN TARİH VE ZAMANI
kontrol alanı 20250826162056.0
008 - SABİT-UZUNLUKTA VERİ ÖĞELERİ--GENEL BİLGİ
sabit uzunluktaki kontrol alanı 250824s9999 xx 000 0 und d
245 #0 - ESER / YAZAR
ESER ADI ÖLÜ CANLAR (ANTİK OKUL KLASİKLERİ)
Yazar Adı GOGOL
260 ## - YAYIN, DAĞITIM, VB.
YAYIN EVİ ANTİK DÜNYA KLASİKLERİ
Holdings
Düşüm durumu Kayıp durumu Hasar Durumu Ödünç verilmez Ana kütüphane Geçerli Kütüphane Edinilen tarih Toplam ödünç verme sayısı Barkod Son görüntüleme tarihi Son ödünç verme tarihi Fiyatın geçerli olmaya başladığı tarih Koha materyal türü
        MAHMUD CELALEDDİN ÖKTEN A. İ. H. L. MAHMUD CELALEDDİN ÖKTEN A. İ. H. L. 24.08.2025 1 1021134 09.04.2026 06.04.2026 26.08.2025 Books